000
00271nam a22001097a 4500
040
_c
SH
082
_a
895
100
_a
ណៃ សុវឿន
245
_a
អក្សរសាស្ត្រខ្មែរ
260
_a
RUA
_b
ណៃ សុវឿន
_c
2011
942
_c
KB
999
_c
8414
_d
8414